1928, Т. 3, № 6; Вестник Геологического Комитета

Библиографические подробности
Источник:Вестник Геологического Комитета/ Геологический комитет (Геолком). 1928, Т. 3, № 6.— , 1925-
Язык:русский
Опубликовано: 1928
Предметы:
Формат: Книга
Запись в KOHA:https://koha.lib.tpu.ru/cgi-bin/koha/opac-detail.pl?biblionumber=231581

MARC

LEADER 00000nam2a2200000 4500
001 231581
005 20231101231111.0
035 |a (RuTPU)RU\TPU\book\252603 
035 |a RU\TPU\book\252601 
090 |a 231581 
100 |a 20130204d1928 k y0rusy50 ca 
101 0 |a rus 
102 |a RU 
105 |a y z 000zy 
200 0 |a 1928, Т. 3, № 6 
210 |d 1928 
215 |a 94 с. 
317 |5 63413507: КР-893  |a Поступила в НТБ в 2004 г. в составе книжного собрания профессора ТПИ К. В. Радугина 
461 1 |0 (RuTPU)RU\TPU\book\253525  |t Вестник Геологического Комитета  |f Геологический комитет (Геолком)  |v 1928, Т. 3, № 6  |d 1925- 
606 1 |a Геология  |2 stltpush  |3 (RuTPU)RU\TPU\subj\6095  |9 34054 
610 1 |a Киевское Полесье 
610 1 |a характеристика 
610 1 |a верхний сармат 
610 1 |a Хадыжинский район 
610 1 |a юрские отложения 
610 1 |a разведочные работы 
610 1 |a Донецкий бассейн 
610 1 |a неугленосные отложения 
610 1 |a тальк 
610 1 |a полевые шпаты 
610 1 |a Салаирский рудник 
610 1 |a библиотека К. В. Радугина 
610 1 |a библиотека М. А. Усова 
675 |a 55  |v 3 
801 1 |a RU  |b 63413507  |c 20130204 
801 2 |a RU  |b 63413507  |c 20190225  |g RCR 
942 |c BK